00543nam a2200181Ia 4500003000400000008004100004020001400045040001600059082002000075100002200095245005500117260007200172300002100244650001900265650003000284650001800314650002900332GCL140319s9999 xx 000 0 eng d a977427604 aGCL / cGCL04aCCb306.85bA P1 aALI, KAMRAN ASDAR10aPLANNING THE FAMILY IN EGYPT / cALI, KAMRAN ASDAR aالقاهرة : bTHE AMERICAN UNIVERSITY IN CAIRO PRESS ، c2002 a22 CM ؛ c221 P04aFAMILY - EGYPT04aFAMILY - SOCIAL CONDITION04aFAMILY - SIZE04aFAMILY - HISTORY - EGYPT